[Event "Prague Festival Masters 2019"]
[Site "Prague"]
[Date "2019.03.15"]
[Round "9.3"]
[White "Navara, David"]
[Black "Vidit, Santosh Gujrathi"]
[Result "0-1"]
[WhiteElo "2739"]
[BlackElo "2711"]
[Annotator "TA"]
[PlyCount "114"]
[EventDate "2019.03.06"]
[EventType "tourn"]
[EventCountry "CZE"]
[SourceTitle "playchess.com"]
[Source "ChessBase"]
[SourceQuality "1"]

{[%evp 10,114,4,10,14,9,10,0,14,7,0,0,13,0,10,4,12,7,8,0,0,0,5,0,30,22,19,27,18,0,10,0,0,0,0,0,2,0,0,-120,-110,-120,-120,-120,-120,-120,-120,-120,-120,-124,-102,-128,-128,-128,-108,-128,-128,-128,-128,-128,0,-128,-128,-128,-128,-164,-164,-164,-164,-164,-164,-164,-164,-164,-164,-164,-164,-164,-164,-164,-164,-164,-150,-164,-150,-164,-164,-164,-150,-164,-150,-235,-239,-307,-300,-432,-426,-426,-412,-414,-347,-372,-370,-352,-337,-298,-307]} 1. d4 Nf6 2. c4 e6 3. Nf3 d5 4. Nc3 Bb4 5. Qb3 c5 6. dxc5 Na6 {D38: Queen's Gambit Declined: Ragozin Defence (4 Nf3 Bb4)} 7. a3 Bxc3+ 8. Qxc3 {With the idea b4.} Nxc5 {The position is equal.} 9. cxd5 Qxd5 10. Be3 Nce4 11. Qb4 (11. Qe5 Qxe5 12. Nxe5 Nd5 13. Bc1 Bd7 14. f3 {½-½ (34) Nisipeanu,L (2672)-Wojtaszek,R (2733) Dortmund 2018}) 11... a5 12. Qd4 O-O 13. Ne5 a4 $132 {[%mdl 2048] [#] Strongly threatening ...Qa5+. Black is not keeping still} 14. Nd3 $146 ({Predecessor:} 14. f3) 14... Rd8 15. Qxd5 Nxd5 16. Bc1 b5 17. f3 Nd6 {[%cal Be4d6,Bd6c4,Bc4e3][%mdl 32]} 18. e4 Nb6 19. Bd2 Ndc4 20. Bc3 Ne3 21. Ke2 Nbc4 22. Ne5 Ba6 23. Nxc4 Nxc4 24. Rc1 {[#]} (24. Kf2 $11 {keeps the balance.}) 24... b4 $1 $17 {[%cal Rb4c3][%mdl 512]} 25. Bxb4 (25. axb4 Nd2+) 25... Nd2+ $1 26. Ke3 Nxf1+ 27. Rhxf1 Bxf1 28. Rxf1 {[%mdl 4096] Endgame KRR-KRB} Rac8 29. Bc3 f6 30. h3 Kf7 31. Rg1 Rd7 32. Ke2 Kg6 33. Ke3 Kg5 34. Rc1 {next Bxf6+! is good for White.} Kg6 (34... Kh5 $17 35. g4+ Kg6) 35. Kf2 (35. Rg1 $1 $11 {was the only way to keep the balance.}) 35... h5 36. Kg3 Rd3 37. Kf2 h4 38. Ke2 Rd7 39. Ke3 Kh5 40. Rf1 Rcd8 41. Ke2 Rb8 42. Rc1 Rb3 43. Rf1 Kg5 44. Ke3 Rb6 45. Rc1 Rbd6 46. Ke2 Rd3 47. Be1 Rb3 48. Rc2 e5 49. Bc3 Kg6 50. Ke3 {[#]} (50. Bb4 $17) 50... Rd1 $1 $19 51. f4 Re1+ 52. Kd2 (52. Kf2 {was worth a try.} Rxe4 53. fxe5) 52... Rxe4 53. fxe5 fxe5 54. Kd3 Rd4+ 55. Ke3 Kf5 56. Rf2+ Rf4 57. Rd2 Rc4 {Accuracy: White = 54%, Black = 70%.} 0-1

[Event "Prague Festival Masters 2019"]
[Site "Prague"]
[Date "2019.03.15"]
[Round "9.4"]
[White "Duda, Jan-Krzysztof"]
[Black "Wojtaszek, Radoslaw"]
[Result "1/2-1/2"]
[WhiteElo "2731"]
[BlackElo "2722"]
[Annotator "TA"]
[PlyCount "48"]
[EventDate "2019.03.06"]
[EventType "tourn"]
[EventCountry "CZE"]
[SourceTitle "playchess.com"]
[Source "ChessBase"]
[SourceQuality "1"]

{[%evp 19,48,0,0,0,0,0,-8,-8,13,12,23,6,29,0,0,0,0,0,0,0,0,0,0,0,0,0,0,0,0,0,0]} 1. Nf3 d5 2. d4 Nf6 3. c4 e6 4. Nc3 Bb4 5. cxd5 exd5 6. Qa4+ Nc6 7. Bg5 h6 8. Bxf6 Qxf6 9. e3 O-O 10. Rc1 Qg6 11. Qd1 {D38: Queen's Gambit Declined: Ragozin Defence (4 Nf3 Bb4)} Ne7 (11... Be6 12. h3 a6 13. Bd3 Qf6 14. O-O Rfd8 15. Na4 Bd6 16. Nc5 Bc8 17. Kh1 Ne7 18. e4 Bxc5 {1-0 (35) Bologan,V (2640)-Fressinet,L (2672) Doha 2016}) 12. Ne5 $146 ({Predecessor:} 12. a3 Bxc3+ 13. Rxc3 c6 14. Ne5 Qd6 15. Be2 Bf5 16. O-O Nc8 17. a4 Qe7 18. Bd3 Bxd3 19. Qxd3 {½-½ (29) Pravec,L (2374)-Adams,J (2329) ICCF email 2016}) 12... Qf6 13. Nd3 Ba5 14. b4 Bb6 15. Be2 c6 16. O-O a6 {The position is equal.} 17. a4 {[%cal Ba2a4,Ba4b5][%mdl 32]} Bc7 18. g3 Bd6 19. b5 axb5 20. axb5 Ra3 21. Nb1 Ra2 22. Nc3 Ra3 23. Nb1 Ra2 24. Nc3 Ra3 {Accuracy: White = 97%, Black = 82%.} 1/2-1/2

[Event "Prague Festival Masters 2019"]
[Site "Prague"]
[Date "2019.03.15"]
[Round "9.5"]
[White "Vitiugov, Nikita"]
[Black "Rapport, Richard"]
[Result "1/2-1/2"]
[WhiteElo "2726"]
[BlackElo "2738"]
[Annotator "TA"]
[PlyCount "61"]
[EventDate "2019.03.06"]
[EventType "tourn"]
[EventCountry "CZE"]
[SourceTitle "playchess.com"]
[Source "ChessBase"]
[SourceQuality "1"]

{[%evp 30,61,49,14,16,19,21,27,25,12,30,27,24,8,14,0,0,0,0,0,0,0,0,0,0,0,0,0,0,0,0,0,0,0]} 1. e4 c5 2. Nf3 Nc6 3. c3 e6 4. d4 d5 5. exd5 exd5 6. Bb5 Bd6 7. dxc5 Bxc5 8. O-O Nge7 9. Nbd2 O-O 10. Nb3 Bb6 11. Re1 Bg4 12. Be3 Bxe3 {C09: French Tarrasch: 3...c5 4 exd5 exd5 5 Ngf3 Nc6} (12... Re8 13. h3 Bh5 14. Bxb6 Qxb6 15. Bxc6 Bxf3 16. Qxf3 bxc6 17. Re2 Ng6 18. Rae1 Rxe2 19. Rxe2 Rd8 20. Nd4 c5 {½-½ (36) Howell,D (2633)-Short,N (2698) London 2011}) 13. Rxe3 Nf5 14. Re1 Nh4 15. Be2 Re8 16. Nxh4 {LiveBook: 3 Games} Bxe2 $146 ({Predecessor:} 16... Qxh4 17. Bxg4 Rxe1+ 18. Qxe1 Qxg4 19. h3 Qc4 20. Qe3 {½-½ (48) Van Oosterom,C (2358)-Bosboom,M (2440) Netherlands 2008}) 17. Rxe2 Qxh4 18. Rd2 Rad8 19. Nd4 g6 20. g3 Qf6 21. Kg2 h5 {The position is equal.} 22. Qf3 Qg5 23. Nxc6 (23. Qd3 {looks sharper.} Nxd4 24. Qxd4 Re4 25. Qd3 h4 26. Rad1) 23... Qxd2 24. Nxd8 Rxd8 25. Rd1 Qxb2 26. Rxd5 Rxd5 27. Qxd5 Qxc3 28. Qxb7 $11 {KQ-KQ} Qd4 29. h4 Kg7 30. Qa6 Qe4+ 31. Kg1 {Precision: White = 76%, Black = 85%.} 1/2-1/2